Normal view
MARC view
- Stamper
Entry Personal Name
001 - CONTROL NUMBER
- control field: 7414
003 - CONTROL NUMBER IDENTIFIER
- control field: OSt
005 - DATE AND TIME OF LATEST TRANSACTION
- control field: 20200113093855.0
008 - FIXED-LENGTH DATA ELEMENTS
- fixed length control field: 200113|| aca||aabn | a|a d
040 ## - CATALOGING SOURCE
- Original cataloging agency: OSt
- Transcribing agency: OSt
100 ## - HEADING--PERSONAL NAME
- Personal name: Stamper
670 ## - SOURCE DATA FOUND
- Source citation: Work cat.: (OSt): Stamper, Rocks and Minerals, 2010